Focus sur: Huor - Tolkien - Statistiques

Statistiques générales
  • Ce quiz a été pris 10 fois
  • Le résultat moyen est 10 sur 14
Statistiques - réponses
Informations recherchées Réponses % Correct
Couleur des cheveux Blond
100%
Cité Gondolin
100%
Espèce Homme
100%
Première apparition Le Silmarillion
100%
Ages durant lequel il vécut Premier
100%
Royaumes et contrées Royaume Caché
100%
Fils Tuor
100%
Maison (lignée) Maison de Hador
89%
Frère Húrin
78%
Professions et titres Guerrier
67%
Dor-lómin (Hithlum)
56%
Epouse Rían
22%
Père Galdor
11%
Mère Hareth
11%
Aucun quiz correspondant
Distribution des résultats
% des personnes avec chaque résultat
Percentile par nombre de réponses
Votre historique - résultats
Vous n’avez pas pris ce quiz